Giáo trình triết học Mác - Lênin.

Salvato in:
Dettagli Bibliografici
Natura: Libro
Pubblicazione: Chính trị quốc gia 1999
Tags: Aggiungi Tag
Nessun Tag, puoi essere il primo ad aggiungerne! !
Thư viện lưu trữ: Mạng thư viện Đại học Đà Nẵng
LEADER 00535nam a2200229 a 4500
001 000029560
003 6562
005 20171030145630.0
008 171030s1999
020 |c 42000 
040 |a LTT 
082 0 |a 335.41  |b Gi-T 
245 0 0 |a Giáo trình triết học Mác - Lênin. 
260 |b Chính trị quốc gia  |c 1999 
500 |a 101 
OWN |a LTT 
999 |a From the UDN01 
TYP |a Monograph 
TYP |a Printed language 
980 |a Mạng thư viện Đại học Đà Nẵng